[Event "Riga Tech Rapid op"]
[Site "Riga"]
[Date "2021.08.08"]
[Round "1"]
[White "Sai Agni, Jeevitesh J"]
[Black "Machevskis, Edmunds"]
[Result "1-0"]
[WhiteElo "2322"]
[BlackElo "1742"]
[PlyCount "97"]
[EventDate "2021.08.08"]
[EventType "swiss (rapid)"]
[EventRounds "9"]
[EventCountry "LAT"]
[SourceTitle "CBM 203 Extra"]
[Source "ChessBase"]
[SourceDate "2021.09.30"]
[SourceVersion "1"]
[SourceVersionDate "2021.09.30"]
[SourceQuality "1"]

1. d4 f5 2. Nc3 e6 3. e4 fxe4 4. Nxe4 Nf6 5. Bg5 Be7 6. Bxf6 Bxf6 7. c3 0-0 8. Bd3 Nc6 9. Nf3 b6 10. h4 Bb7 11. Neg5 h6 12. Bh7+ Kh8 13. Bg6 Ne7 14. Nf7+ Rxf7 15. Bxf7 Qf8 16. Bh5 g6 17. Bg4 h5 18. Bh3 Qh6 19. Qd2 Qxd2+ 20. Nxd2 Bxh4 21. Bxe6 Bxf2+ 22. Kxf2 dxe6 23. Rhe1 Rf8+ 24. Kg1 Rf6 25. Ne4 Rf5 26. Re3 Kg7 27. c4 Kf7 28. Ng3 Rg5 29. Rf1+ Nf5 30. Rf2 Rg4 31. Nxf5 exf5 32. Rfe2 Be4 33. b4 Ke6 34. Ra3 Kd6 35. d5 h4 36. Kh2 g5 37. Rxa7 Bd3 38. Re6+ Kd7 39. Rc6 Be4 40. Raxc7+ Kd8 41. Rc8+ Kd7 42. Kg1 h3 43. Rh8 Rxg2+ 44. Kf1 h2 45. Rh7+ Kd8 46. Rd6+ Kc8 47. Rf6 h1Q+ 48. Rxh1 Rh2 49. Rxh2 1-0

[Event "Riga RTU rapid op"]
[Site "Riga"]
[Date "2019.07.04"]
[Round "1"]
[White "Miedema, David"]
[Black "Machevskis, Edmunds"]
[Result "1-0"]
[WhiteElo "2313"]
[BlackElo "1718"]
[PlyCount "79"]
[EventDate "2019.07.04"]
[EventType "swiss (rapid)"]
[EventRounds "9"]
[EventCountry "LAT"]
[SourceTitle "EXT 2020"]
[Source "ChessBase"]
[SourceDate "2019.10.17"]
[SourceVersion "1"]
[SourceVersionDate "2019.10.17"]
[SourceQuality "1"]

1. e4 d5 2. exd5 Qxd5 3. Nc3 Qe5+ 4. Be2 c6 5. Nf3 Qc7 6. d4 e6 7. Bg5 Nd7 8. Qd2 Ngf6 9. Bf4 Bd6 10. Bxd6 Qxd6 11. 0-0-0 0-0 12. Rhg1 b5 13. g4 b4 14. Na4 Bb7 15. g5 Nd5 16. h4 Qf4 17. Nc5 Qxd2+ 18. Rxd2 Nxc5 19. dxc5 a5 20. Ne5 f6 21. gxf6 Rxf6 22. Bg4 Rd8 23. Nc4 a4 24. Re1 Ba6 25. Nb6 Kf7 26. Re4 Bf1 27. Nxd5 exd5 28. Rxb4 Bb5 29. b3 Ra8 30. Kb2 g6 31. h5 g5 32. f3 Rf4 33. Rxb5 cxb5 34. Rxd5 a3+ 35. Kc3 Re8 36. c6 b4+ 37. Kd3 Rxg4 38. fxg4 Ke6 39. Kc4 Rc8 40. Kc5 1-0